00209nam a2200085Ia 4500082001900000100002500019245003400044260003700078300000800115 a615.53bA 14 S aSRIVASTAVA, SHAILAJA aAYURVEDIA PADARTHA - VIJANANA bCHAUKHAMBHA PUB. NEW DELHIc2014 a360